物理定数クイズ - Statistics

General Stats
  • This quiz has been taken 25 times
  • The average score is 4 of 12
Answer Stats
Hint Answer % Correct
299 792 458 真空中の光速
86%
6. 022 141 ×10^23 アボガドロ定数
81%
6. 626 070 ×10^(-34) プランク定数
52%
8. 314 462 618 気体定数
48%
6. 674 ×10^(-11) 万有引力定数
33%
96 485. 332 ファラデー定数
29%
1. 097 373 157 ×10^7 リュードベリ定数
24%
1. 380 649 ×10^(-23) ボルツマン定数
24%
1. 256 637 061 ×10^(-6) 真空の透磁率
10%
8. 854 187 819 ×10^(-12) 真空の誘電率
10%
9. 109 383 714 ×10^(-31) 電子の質量
10%
1. 602 176 634 ×10^(-19) 素電荷
5%
No matching quizzes found
Score Distribution
Percent of People with Each Score
Percentile by Number Answered
Your Score History
You have not taken this quiz